[Event "WIO (Open)"]
[Site "Boise, ID"]
[Date "2013.12.15"]
[Round "5.2"]
[White "Gorman, Cody"]
[Black "Kircher, Caleb Paul"]
[Result "1/2-1/2"]
[WhiteElo "1770"]
[BlackElo "1909"]
[EventRounds "5"]
[EventCountry "USA"]

1. b3 d5 2. Bb2 Nf6 3. e3 g6 4. Bxf6 exf6 5. g3 Bg7 6. Bg2 O-O 7. Ne2 c6 8.
O-O f5 9. d4 Nd7 10. Nd2 Nf6 11. Rc1 Ne4 12. c4 Qa5 13. Nxe4 dxe4 14. Qc2 Be6
15. Nf4 Bd7 16. Rfd1 g5 17. Ne2 Be6 18. Rb1 Rac8 19. Qd2 Qxd2 20. Rxd2 c5 21.
dxc5 Rxc5 22. Nd4 Rfc8 23. Rbd1 Bf6 24. Nxe6 fxe6 25. Rd6 R5c6 26. Rxc6 Rxc6
27. Rd7 Ra6 28. Rxb7 Rxa2 29. c5 Rc2 30. b4 a5 31. bxa5 Rxc5 32. a6 Rc8 33. a7
Be5 34. Bf1 f4 35. exf4 gxf4 36. gxf4 Bxf4 37. Bc4 Kh8 38. Bxe6 Ra8 39. Bd5 e3
40. Re7 Bd6 41. Bxa8 exf2+ 42. Kxf2 Bxe7 {#d} 1/2-1/2

[Event "BCC #2"]
[Site "Boise, ID"]
[Date "2014.04.12"]
[Round "1.1"]
[White "Kircher, Caleb Paul"]
[Black "Buus, Jarod N"]
[Result "0-1"]
[WhiteElo "1929"]
[BlackElo "1494"]

1. e4 c5 2. Nc3 a6 3. Nf3 d6 4. g3 (4. d4 cxd4 5. Nxd4 Nf6 {transposes into
the Najdorf, if both sides so desire.}) 4... Nc6 5. Bg2 e5 6. O-O Nf6 7. d3
Be6 8. h3 h6 9. Kh2 Be7 10. Ng1 {(#Diagram)} Qd7 (10... d5 {=+.}) 11. f4 g6 $6
( 11... exf4 12. Bxf4 Ne5 {=.}) 12. Nd5 Bxd5 13. exd5 Nd4 14. c3 (14. fxe5 $1
dxe5 15. Nf3 Qxd5 (15... Nxf3+ 16. Qxf3 {is a very clear plus for White.}) (
15... Qd6 {(#Diagram-analysis)} 16. Nxe5 $1 Qxe5 17. Re1 Qh5 (17... Qd6 18.
Bf4 {with d6 to follow.}) 18. Qxh5 Nxh5 19. d6 Nxc2 20. Rxe7+ Kf8 (20... Kd8
21. Bd2 $1 {with a winning attack:} Nxa1 22. Ba5+ Kc8 23. Rc7+) 21. Rb1 {and
White has too much activity.}) 16. Nxd4 Qxd4 17. Bxb7 Ra7 18. Bc6+ {with White
advantage.}) 14... Nf5 15. Qe2 (15. fxe5 dxe5 16. Qe1 {+=.}) 15... exf4 16.
Bxf4 Nh5 $6 (16... h5 {or}) (16... O-O-O $5 {is unclear, but roughly
balanced.} ) 17. g4 Nxf4 18. Rxf4 Nh4 (18... Ng7 19. Re1 {is also an edge for
White.}) 19. Re1 Kf8 20. Qf2 $2 (20. Ref1 {or}) (20. Qe6 $5) 20... f5 $2
(20... Bg5 $1 { solves many of Black's problems, with ...h5 likely to follow
soon.} 21. Rfe4 h5 22. Rf1 hxg4 23. Rxg4 Bd8 {and Black defends
successfully.}) 21. Re6 (21. gxf5 $1 Nxf5 22. Re6 $1 Kg7 (22... Bg5 23. Be4
Bxf4+ 24. Qxf4 {is so good for White that you can't really consider this an
exchange sacrifice.}) 23. Be4 {when White can liquidate on f5 with both a
material edge and a dangerous concentration of pieces surrounding Black's
king.}) 21... g5 $2 ({Though} 21... Bg5 {also favors White.}) 22. Rxf5+ (22.
Rfe4 $1 {gains material with little muss or fuss.}) 22... Nxf5 23. Qxf5+ ({Or}
23. Be4 {.}) 23... Ke8 24. Qg6+ (24. Qf6 Rf8 (24... Rh7 $4 25. Qg6+ Rf7 26.
Ne2 {Black can't be happy.}) 25. Qxh6 { gives White good compensation for the
exchange.}) 24... Kd8 25. Be4 Kc7 26. Qg7 Rae8 27. Bf5 $2 (27. Bg6 $1 Rhg8 28.
Qh7 Rh8 29. Bxe8 {.}) 27... Rhf8 $2 (27... Bd8 $1 28. Qxd7+ Kxd7 29. Rxh6+ Kc7
30. Rg6 Rhg8 {and Black does not look worse.}) (27... Rhg8 28. Qxh6 Rh8
{should be a repetition.}) 28. Qxh6 $2 (28. Bg6 $1 {leads to a material plus
again.}) 28... Qb5 $2 {(#Diagram)} (28... Bd8 {is again roughly equal.}) 29.
Rxe7+ ({Or} 29. Qg7 Qd7 30. Bg6 {returning to the theme of the last two
notes.}) 29... Rxe7 30. Qxf8 Qxb2+ 31. Kh1 Re1 32. Qc8+ $2 (32. Be6 {discovers
protection on the f-file and covers e7 for a white queen maneuver to e7, d6,
and return along the dark diagonal to defend.} Qxc3 33. Qe7+ Kb6 34. Qxd6+ Ka7
35. Qg3 {with an edge in the continuing struggle.}) 32... Kb6 33. Qd8+ Ka7 34.
Qxg5 $4 (34. Qxd6 {is necessary, though it allows a draw by perpetual check:}
Rxg1+ (34... Qf2 35. Qh2 Qe3 {also draws, i.e.} 36. Qg2 Rxg1+ 37. Qxg1 Qxh3+
38. Qh2 Qf1+ {.}) 35. Kxg1 Qc1+ 36. Kf2 Qd2+ 37. Kf3 Qd1+ {.}) 34... Qf2 0-1

[Event "BCC #2"]
[Site "Boise, ID"]
[Date "2014.04.12"]
[Round "2.4"]
[White "Amen, Chris"]
[Black "Kircher, Caleb Paul"]
[Result "0-1"]
[WhiteElo "1482"]
[BlackElo "1929"]

1. e4 d5 2. exd5 Nf6 3. d4 Nxd5 4. Nf3 Bg4 5. h3 Bh5 6. Be2 e6 7. O-O Be7 8.
c4 Nb6 9. b3 Bf6 10. Bb2 Nc6 11. Nbd2 O-O 12. Ne4 Qe7 13. Nxf6+ Qxf6 14. Qd2
Rad8 15. d5 Qe7 16. Qc3 f6 17. dxc6 bxc6 18. Rad1 c5 19. Qe3 Bf7 20. Rxd8 Rxd8
21. Rd1 Nd7 22. Bd3 e5 23. Nh4 g6 24. f4 f5 25. Nf3 e4 26. Ng5 Be8 27. Bc2 h6
28. Qc3 hxg5 29. Qh8+ Kf7 30. Qg7+ Ke6 31. Rxd7 Kxd7 {#R} 0-1

[Event "BCC #2"]
[Site "Boise, ID"]
[Date "2014.04.12"]
[Round "3.3"]
[White "Kircher, Caleb Paul"]
[Black "Sanderson, Kenneth"]
[Result "1-0"]
[WhiteElo "1929"]
[BlackElo "1571"]

1. e4 c5 2. Nc3 Nc6 3. f4 g6 4. Nf3 Bg7 5. Bb5 Nd4 6. O-O Nxb5 7. Nxb5 d5 8.
exd5 a6 9. Nc3 Nf6 10. d4 cxd4 11. Qxd4 Nh5 12. Qd1 O-O 13. Be3 Nf6 14. Qd2
Re8 15. Rad1 Ng4 16. Bd4 Nf6 17. Be5 Nd7 18. Bxg7 Kxg7 19. Qd4+ Nf6 20. Ne4
Kg8 21. Nxf6+ exf6 22. d6 Bd7 23. c4 Rc8 24. Rfe1 Rxe1+ 25. Rxe1 Kg7 26. Re7
Be6 27. Ng5 Bxc4 28. Ne6+ {#r} 1-0

[Event "BCC #2"]
[Site "Boise, ID"]
[Date "2014.04.12"]
[Round "4.1"]
[White "Gorman, Cody Austin"]
[Black "Kircher, Caleb Paul"]
[Result "1-0"]
[WhiteElo "1807"]
[BlackElo "1929"]

{(Clock times at end of game made possible by video footage of the final
moments of the game by the tournament director, Jeffrey Roland)} 1. e4 d5 2.
exd5 Nf6 3. Bb5+ Bd7 4. Bc4 Bg4 5. f3 Bc8 6. Nc3 Nbd7 7. d3 Nb6 8. Bf4 Nbxd5
9. Nxd5 Nxd5 10. Qd2 e6 11. Ne2 Nxf4 12. Qxf4 Bd6 13. Qe3 O-O 14. d4 b6 15.
Qe4 Rb8 16. Bd3 g6 17. h4 f5 18. Qe3 Qf6 19. O-O-O c5 20. Bc4 b5 21. dxc5 Be5
22. Bb3 Bxb2+ 23. Kb1 Ba3 24. c3 b4 25. Rd6 bxc3 26. Nxc3 Rb5 27. Na4 Re8 28.
Kc2 f4 29. Qd3 Rb4 30. Nc3 a5 31. Rb1 Qxh4 32. Qe2 Qf6 33. Nb5 a4 34. Nxa3
axb3+ 35. axb3 Qf5+ 36. Qd3 Qxc5+ 37. Nc4 e5 {(7:25)} 38. Rxg6+ {(4:19)} Kh8
{(5:43)} 39. Rh1 {(3:57)} Bf5 {(4:28)} 40. Rxh7+ {(1:24)} Kxh7 {(4:28)} 41.
Qxf5 {(1:24) } Rxc4+ {(4:20)} 42. bxc4 {(1:24)} Qxc4+ {(4:06)} 43. Kd2
{(1:15)} Rd8+ {(3:47) } 44. Rd6+ {(1:15)} Kg7 {(3:42)} 45. Qg6+ {(1:09)} Kf8
{(3:41)} 46. Rxd8+ {(1: 06)} Ke7 {(3:41)} 47. Qd6+ {(1:06)} Kf7 {(3:41)} 48.
Rd7+ {(1:06)} {#r} 1-0

[Event "ICA Players Memorial"]
[Site "Boise, ID"]
[Date "2014.08.23"]
[Round "1.1"]
[White "Amen, Chris"]
[Black "Kircher, Caleb Paul"]
[Result "0-1"]
[WhiteElo "1511"]
[BlackElo "1890"]
[EventRounds "5"]
[EventCountry "USA"]

1. c4 e6 2. g3 d5 3. Bg2 c6 4. Nf3 f5 5. Qc2 Nf6 6. O-O Bd6 7. d3 O-O 8. Nbd2
e5 9. cxd5 cxd5 10. e4 fxe4 11. dxe4 dxe4 12. Nxe4 Nxe4 13. Qxe4 Nc6 14. Rd1
Rxf3 15. Bxf3 Nd4 16. Bg2 Qf6 17. Be3 Bf5 18. Qxb7 Re8 19. Qxa7 Bg4 20. Rxd4
exd4 21. Bxd4 Qg6 22. a3 h5 23. h3 Bf5 24. b4 Re7 25. Qb6 Re2 26. Bc5 Rd2 27.
Bxd6 Rxd6 28. Qb8+ Kh7 29. Re1 Qf6 30. Qe8 Qg5 31. Be4 Rg6 32. h4 Qg4 33. Bxf5
Qxf5 34. Qe5 Qg4 35. a4 Qxh4 36. Re4 Qh3 37. Rh4 Qxh4 38. Qc5 Qg4 39. a5 h4
40. b5 hxg3 41. b6 gxf2+ 42. Kxf2 Qg1+ {#R} 0-1

[Event "ICA Players Memorial"]
[Site "Boise, ID"]
[Date "2014.08.24"]
[Round "4.2"]
[White "Kircher, Caleb Paul"]
[Black "Inman, James"]
[Result "0-1"]
[WhiteElo "1890"]
[BlackElo "1788"]
[EventRounds "5"]
[EventCountry "USA"]

1. f4 Nf6 2. b3 d5 3. Nf3 Bg4 4. Ne5 Bf5 5. e3 Nbd7 6. Bb2 e6 7. Be2 Ne4 8.
O-O Nxe5 9. Bxe5 f6 10. Bb2 Qd7 11. d3 Nd6 12. Bf3 Nf7 13. e4 dxe4 14. dxe4
Bc5+ 15. Kh1 Qxd1 16. Rxd1 Bg6 17. f5 exf5 18. exf5 Bxf5 19. Bxb7 Rd8 20. Re1+
Kd7 21. Na3 c6 22. Ba6 Kc7 23. c3 Ne5 24. b4 Bf2 25. Re2 Bh4 26. c4 Bd3 27.
Rxe5 fxe5 28. Bxe5+ Kd7 29. b5 c5 30. Bb7 Bf6 31. Bxf6 gxf6 32. Rd1 Kc7 33.
Bd5 Be2 34. Re1 Rhe8 35. h3 Bd3 36. Rc1 Re2 37. Rc3 Be4 38. Bxe4 Rxe4 39. Nc2
Rd2 40. Ne3 Re6 41. Ra3 Kb7 42. Nd5 f5 43. Rg3 Rg6 44. Re3 Rg7 45. a4 Rdxg2
46. Re7+ Rxe7 47. Nxe7 Rf2 48. a5 Rf4 49. b6 axb6 50. axb6 Rxc4 51. Nxf5 Kxb6
{#R} 0-1

[Event "ICA Players Memorial"]
[Site "Boise, ID"]
[Date "2014.08.24"]
[Round "5.5"]
[White "Lang, Jamie"]
[Black "Kircher, Caleb Paul"]
[Result "0-1"]
[WhiteElo "1474"]
[BlackElo "1890"]
[EventRounds "5"]
[EventCountry "USA"]

1. e4 d5 2. exd5 Nf6 3. d4 Nxd5 4. Nf3 Bg4 5. h3 Bh5 6. c4 Nb6 7. Be3 e6 8.
Nbd2 Bb4 9. g4 Bg6 10. a3 Bxd2+ 11. Qxd2 Be4 12. Be2 Nxc4 13. Qc3 Nxe3 14.
Qxe3 Bd5 15. O-O Nc6 16. Rfd1 O-O 17. Ne5 Qh4 18. Rac1 Nxe5 19. dxe5 c6 20.
Bc4 Rfe8 21. Bxd5 exd5 22. f4 Rad8 23. Kg2 f6 24. e6 h5 25. e7 Rd6 26. gxh5
Qxh5 27. Qxa7 Rxe7 28. Qb8+ Kh7 29. Qxd6 Re2+ 30. Kg3 Re3+ 31. Kf2 Qe2+ 32.
Kg1 Rg3+ {#R} 0-1

[Event "Southern Idaho Open"]
[Site "Twin Falls, ID"]
[Date "2014.11.08"]
[Round "1.1"]
[White "Kircher, Caleb Paul"]
[Black "Bartell, Fred"]
[Result "1-0"]
[WhiteElo "1869"]
[BlackElo "1679"]
[EventRounds "4"]
[EventCountry "USA"]

1. e4 c5 2. Nc3 Nc6 3. f4 d6 4. Nf3 e5 5. fxe5 Nxe5 6. Nxe5 dxe5 7. Bc4 Qh4+
8. g3 Qd8 9. d3 Nf6 10. Qf3 Bg4 11. Bb5+ Ke7 12. Qf2 a6 13. Qxc5+ Qd6 14.
Qxd6+ Kxd6 15. Bc4 Be6 16. Bxe6 Kxe6 17. Bg5 Be7 18. O-O h6 19. Bxf6 Bxf6 20.
Nd5 Bd8 21. Rf3 Rc8 22. c4 b5 23. b3 bxc4 24. dxc4 a5 25. Rd3 Rf8 26. Re1 Rc6
27. Red1 Bb6+ 28. Kg2 Bd4 29. Nc3 f5 30. Nb5 Bc5 31. Rf3 g6 32. g4 fxg4 33.
Rxf8 Bxf8 34. Rd8 Bc5 35. Re8+ Kf6 36. Nc3 Bd4 37. Nd5+ Kg5 38. Ra8 Rc5 39.
Ra6 Kh5 40. Kg3 Bb2 41. Nf6+ Kg5 42. Nxg4 Bc1 43. h4+ Kh5 44. Nf6# 1-0

[Event "Southern Idaho Open"]
[Site "Twin Falls, ID"]
[Date "2014.11.08"]
[Round "2.1"]
[White "Inman, James"]
[Black "Kircher, Caleb Paul"]
[Result "0-1"]
[WhiteElo "1719"]
[BlackElo "1869"]
[EventRounds "4"]
[EventCountry "USA"]

1. d4 e6 2. c4 f5 3. Nc3 Bb4 4. a3 Bxc3+ 5. bxc3 Nf6 6. e3 O-O 7. Bd3 d6 8.
Qc2 b6 9. Nh3 Bb7 10. f3 Qe7 11. O-O c5 12. e4 fxe4 13. fxe4 e5 14. d5 Bc8 15.
Ng5 h6 16. Nf3 Bg4 17. Be2 Nh5 18. h3 Bc8 19. Be3 Nd7 20. Bf2 Nf4 21. Nh4 Qg5
22. Bg4 Nf6 23. Nf3 Qg6 24. Nh4 Qxe4 25. Qxe4 Nxe4 26. Bxc8 Raxc8 27. Be1 Ne2+
{#R} 0-1

[Event "Southern Idaho Open"]
[Site "Twin Falls, ID"]
[Date "2014.11.08"]
[Round "3.1"]
[White "Amen, Chris"]
[Black "Kircher, Caleb Paul"]
[Result "0-1"]
[WhiteElo "1526"]
[BlackElo "1869"]
[EventRounds "4"]
[EventCountry "USA"]

1. e4 d5 2. exd5 Qxd5 3. Nc3 Qd6 4. d4 Nf6 5. Nf3 c6 6. Bc4 Bg4 7. Be3 e6 8.
h3 Qb4 9. Bb3 Bf5 10. O-O Be7 11. Qe2 O-O 12. Nh4 Bg6 13. Nxg6 hxg6 14. Rad1
Nd5 15. Ne4 Nxe3 16. fxe3 Nd7 17. Rf3 Nf6 18. Nxf6+ Bxf6 19. c3 Qd6 20. e4 e5
21. d5 c5 22. Rdf1 Rac8 23. c4 Rc7 24. Bd1 Bg5 25. Qf2 b6 26. h4 Bd8 27. Rh3
f5 28. exf5 gxf5 29. Bc2 e4 30. Qf4 Qxf4 31. Rxf4 Be7 32. Bd1 Bd6 33. Rf1 Be5
34. b3 Re7 35. Bh5 e3 36. Kh1 f4 37. Be2 Ref7 38. Rhf3 Rf6 39. Kh2 Kf7 40. Kh3
Ke7 41. Kg4 Rg6+ 42. Kh3 Rh8 43. Rh1 Rgh6 44. Kg4 Kf6 45. Bd3 Ke7 46. Be2 Kd6
47. Rfh3 Rg6+ 48. Kf3 Bd4 49. Rg1 Ke5 50. Rgh1 b5 51. Bd3 Ra6 52. Bb1 bxc4 53.
bxc4 Rb6 54. Bd3 Rb2 55. Be2 Rxa2 56. g3 Rf8 57. g4 a5 58. Rb1 a4 59. Rb6 Rf6
60. Rb7 a3 61. Rxg7 Rxe2 62. Kxe2 a2 63. Ra7 a1=Q 64. Rxa1 Bxa1 65. g5 Ra6 66.
h5 Ke4 67. h6 f3+ 68. Kf1 Be5 {#R} 0-1

[Event "BCC #5"]
[Site "Boise, ID"]
[Date "2014.11.22"]
[Round "1.1"]
[White "Kircher, Caleb Paul"]
[Black "Lang, Jamie"]
[Result "1-0"]
[WhiteElo "1869"]
[BlackElo "1470"]
[EventRounds "4"]
[EventCountry "USA"]

1. e4 e5 2. Bc4 Nf6 3. d3 d5 4. exd5 Nxd5 5. Nf3 Nc6 6. O-O Bc5 7. Re1 f6 8.
d4 Nb6 9. Bb5 Be7 10. dxe5 Qxd1 11. Rxd1 Bd7 12. Nc3 O-O-O 13. Bf4 a6 14. Bxc6
Bxc6 15. Nd4 Bd5 16. Nf5 Bc5 17. exf6 gxf6 18. Be3 Bxe3 19. Nxe3 Bc6 20. b3
Nd7 21. Nf5 Rde8 22. Nd4 Ne5 23. Nxc6 Nxc6 24. Rd2 Re6 25. g3 Rhe8 26. Kg2 Ne5
27. Rad1 h5 28. h4 Ng4 29. Nd5 Re2 30. Nf4 Ne3+ 31. Kf3 Nxd1 32. Nxe2 Rd8 33.
Rxd8+ Kxd8 34. a4 b5 35. axb5 axb5 36. Nf4 c5 37. Nxh5 Ke7 38. Nf4 Nc3 39. g4
c4 40. bxc4 bxc4 41. Ne2 Nb1 42. Ke3 Ke6 43. f4 Na3 44. Nd4+ Kd5 45. h5 {#r}
1-0

[Event "BCC #5"]
[Site "Boise, ID"]
[Date "2014.11.22"]
[Round "2.1"]
[White "Amen, Chris"]
[Black "Kircher, Caleb Paul"]
[Result "1-0"]
[WhiteElo "1526"]
[BlackElo "1869"]
[EventRounds "4"]
[EventCountry "USA"]

1. e4 d5 2. exd5 Nf6 3. Nf3 Nxd5 4. d4 Bg4 5. Be2 Nc6 6. c4 Nb6 7. b3 e6 8.
O-O Be7 9. Bb2 Bf6 10. h3 Bh5 11. Na3 O-O 12. Nc2 Qd7 13. g4 Bg6 14. Ne5 Bxc2
15. Nxd7 Bxd1 16. Nxf6+ gxf6 17. Raxd1 Rad8 18. f4 Rd7 19. Rd2 Rfd8 20. Rfd1
e5 21. d5 a5 22. Bc3 Ne7 23. fxe5 fxe5 24. Bxe5 Ng6 25. Bf6 Re8 26. Bf3 Nc8
27. c5 b6 28. cxb6 Nxb6 29. g5 Nf4 30. h4 Re3 31. Kf2 Re8 32. Kg3 Ng6 33. d6
Ne5 34. Re2 Rxd6 35. Rxe5 {#r} 1-0

[Event "BCC #5"]
[Site "Boise, ID"]
[Date "2014.11.22"]
[Round "4.2"]
[White "Kircher, Caleb Paul"]
[Black "Buus, Jarod N"]
[Result "1-0"]
[WhiteElo "1869"]
[BlackElo "1633"]
[EventRounds "4"]
[EventCountry "USA"]

1. e4 c5 2. Nc3 a6 3. g3 Nc6 4. Bg2 e5 5. d3 g6 6. Nge2 Bg7 7. O-O Nge7 8. f4
O-O 9. f5 f6 10. Nd5 gxf5 11. exf5 d6 12. g4 Kh8 13. Qe1 Nxd5 14. Bxd5 Nb4 15.
Bb3 Qb6 16. Be3 a5 17. a3 Nxd3 18. Qc3 a4 19. Bc4 Nf4 20. Bxf4 exf4 21. Nxf4
Re8 22. Ng6+ {#r} 1-0

[Event "Western Idaho Open"]
[Site "Boise, ID"]
[Date "2014.12.13"]
[Round "1.102"]
[White "Kircher, Caleb Paul"]
[Black "Yang, Kevin"]
[Result "1-0"]
[WhiteElo "1882"]
[BlackElo "1487"]
[EventRounds "5"]
[EventCountry "USA"]

1. f4 d5 2. b3 Nc6 3. Bb2 Bf5 4. e3 e6 5. Bb5 Bd6 6. Bxg7 a6 7. Bxc6+ bxc6 8.
Bxh8 f6 9. Nf3 Kd7 10. O-O Nh6 11. Bg7 Ng8 12. Nd4 Qe7 13. Nxf5 exf5 14. Qh5
Qxg7 15. Qxf5+ Ke7 16. Nc3 Nh6 17. Qh3 Rg8 18. Rae1 f5 19. Ne2 Ng4 20. Nd4 Rf8
21. Nxc6+ Kd7 22. Nd4 c5 23. Nf3 h6 24. Qg3 Qb2 25. h3 Nf6 26. Qg7+ Ke8 27.
Ne5 Qxc2 28. Ng6 Nh5 29. Qxh6 Ng3 30. Nxf8 Bxf8 31. Qg6+ {#r} 1-0

[Event "Western Idaho Open"]
[Site "Boise, ID"]
[Date "2014.12.14"]
[Round "5.110"]
[White "Kircher, Caleb Paul"]
[Black "Inman, James"]
[Result "1-0"]
[WhiteElo "1882"]
[BlackElo "1724"]
[EventRounds "5"]
[EventCountry "USA"]

1. b3 d5 2. Bb2 Nf6 3. e3 Bg4 4. Qc1 e6 5. h3 Bf5 6. Nf3 h6 7. Ne5 Nbd7 8. c4
Bd6 9. Nxd7 Qxd7 10. Nc3 c6 11. cxd5 cxd5 12. Bb5 {#r} 1-0

[Event "BCC #7"]
[Site "?"]
[Date "2015.05.30"]
[Round "1.2"]
[White "Kircher, Caleb Paul"]
[Black "Sanderson, Kenneth"]
[Result "1-0"]
[WhiteElo "1849"]
[BlackElo "1504"]

1. f4 d5 2. Nf3 Nc6 3. e3 Nf6 4. Bb5 Bd7 5. O-O a6 6. Bxc6 Bxc6 7. Ne5 Qd6 8.
b3 Nd7 9. Bb2 Nxe5 10. Bxe5 Qd7 11. d3 O-O-O 12. Nd2 f6 13. Bb2 e6 14. Qe2 Bc5
15. a3 h5 16. Rad1 Qe7 17. b4 Bd6 18. e4 Qe8 19. Rde1 e5 20. exd5 Bxd5 21.
fxe5 Bxe5 22. Bxe5 fxe5 23. Qxe5 Qxe5 24. Rxe5 Bc6 25. Re7 Rde8 26. Rff7 Rxe7
27. Rxe7 Re8 28. Rxe8+ Bxe8 29. Kf2 Kd7 30. Ke3 Ke7 31. Kf4 b6 32. Ke5 Ba4 33.
c4 Bc2 34. d4 g6 35. Ne4 Bd3 36. c5 b5 37. d5 Bc4 38. c6 Bd3 39. Nc5 {#r} 1-0

[Event "BCC #7"]
[Site "?"]
[Date "2015.05.30"]
[Round "2.2"]
[White "Buus, Jarod N"]
[Black "Kircher, Caleb Paul"]
[Result "1/2-1/2"]
[WhiteElo "1669"]
[BlackElo "1849"]

1. e4 g6 2. d4 Bg7 3. Nc3 c5 4. Nf3 Qa5 5. Be3 Nf6 6. Qd2 cxd4 7. Nxd4 Nc6 8.
f3 O-O 9. Bc4 Qb4 10. b3 d5 11. a3 Qc5 12. Ndb5 d4 13. Nxd4 Ng4 14. Na4 Qe5
15. c3 Nxe3 16. Qxe3 Nxd4 17. cxd4 Qxd4 18. Qxd4 Bxd4 19. O-O-O e5 20. Kc2 a6
21. Nc3 b5 22. Bd5 Ra7 23. b4 Rc7 24. Rd3 Bd7 25. Rc1 Rfc8 26. Kd2 Kg7 27. Ne2
Bb2 28. Rxc7 Rxc7 29. Rb3 Bd4 30. Nxd4 exd4 31. Rd3 f5 32. Rxd4 fxe4 33. fxe4
Kf6 34. Bg8 Ke5 35. Kd3 Be6 36. Bxe6 Kxe6 {#d} 1/2-1/2

[Event "BCC #7"]
[Site "?"]
[Date "2015.05.30"]
[Round "4.1"]
[White "Kircher, Caleb Paul"]
[Black "Gorman, Cody A.M"]
[Result "1-0"]
[WhiteElo "1849"]
[BlackElo "1885"]

1. f4 d5 2. Nf3 g6 3. e3 Bg7 4. g3 c5 5. Bg2 Nf6 6. O-O Nc6 7. Ne5 Qc7 8. d4
O-O 9. c3 b6 10. Nd2 Bb7 11. b3 cxd4 12. exd4 Nxe5 13. dxe5 Nd7 14. Ba3 Rfe8
15. Rc1 f6 16. c4 fxe5 17. cxd5 Qb8 18. Qg4 Nf8 19. Nc4 exf4 20. gxf4 Qc8 21.
Qg3 Qf5 22. Ne5 Nd7 23. Bh3 Qe4 24. Be6+ Kh8 25. Nf7+ Kg8 26. Ng5+ {#r} 1-0

[Event "Idaho Open"]
[Site "Boise, ID"]
[Date "2015.06.20"]
[Round "2.4"]
[White "Kircher, Caleb Paul"]
[Black "Aderogba, Temiloluwa"]
[Result "1-0"]
[WhiteElo "1849"]
[BlackElo "1159"]
[EventRounds "5"]
[EventCountry "USA"]

1. f4 d5 2. Nf3 Nc6 3. e3 Bg4 4. Bb5 Nf6 5. Bxc6+ bxc6 6. O-O e6 7. h3 Bf5 8.
Ne5 Qd6 9. b3 Be7 10. Ba3 c5 11. Nc3 Qb6 12. Na4 Qb5 13. d3 O-O 14. Qe2 Rfe8
15. c4 dxc4 16. dxc4 Qa5 17. Nc6 Qa6 18. Nxe7+ Rxe7 19. Bxc5 Rd7 20. Bd4 Qc6
21. Rad1 Rad8 22. Bxf6 gxf6 23. Nc3 Kh8 24. Rxd7 Rxd7 25. e4 Bg6 26. f5 exf5
27. exf5 Qc5+ 28. Qf2 Qxf2+ 29. Rxf2 Bh5 30. g4 Rd3 31. Ne4 Bxg4 32. hxg4 Rd1+
33. Kg2 Kg7 34. Rd2 Re1 35. Kf3 c6 36. Rd7 a5 37. Nc5 Kf8 38. Rd6 Ke7 39. Rxc6
Ra1 40. a4 Re1 41. Ra6 h6 42. Ne4 Rd1 43. Nxf6 Rd3+ 44. Ke4 Rxb3 45. Nd5+ Kd7
46. c5 Rb8 47. Rd6+ Kc8 48. c6 Ra8 49. c7 Kb7 50. Rd8 Rxd8 51. cxd8=Q h5 52.
Qc7+ Ka8 53. Nb6# 1-0

[Event "Idaho Open"]
[Site "Boise, ID"]
[Date "2015.06.20"]
[Round "3.4"]
[White "Kircher, Caleb Paul"]
[Black "Zaklan, David"]
[Result "1-0"]
[WhiteElo "1849"]
[BlackElo "1476"]
[EventRounds "5"]
[EventCountry "USA"]

1. f4 Nf6 2. Nf3 Nc6 3. e3 d5 4. Bb5 a6 5. Bxc6+ bxc6 6. b3 e6 7. O-O Be7 8.
Ne5 Bb7 9. Bb2 O-O 10. d3 c5 11. Nc3 d4 12. exd4 cxd4 13. Ne2 c5 14. Ng3 Nd5
15. Qe2 Ne3 16. Rf2 f6 17. Nc4 Nf5 18. Qxe6+ Rf7 19. Nxf5 Bd5 20. Nxe7+ Kf8
21. Nxd5 Raa7 22. Ba3 Rad7 23. Bxc5+ Kg8 24. Nd6 {#r} 1-0

[Event "Idaho Open"]
[Site "Boise, ID"]
[Date "2015.06.21"]
[Round "5.1"]
[White "Kircher, Caleb Paul"]
[Black "Lucky, David"]
[Result "0-1"]
[WhiteElo "1849"]
[BlackElo "2379"]
[EventRounds "5"]
[EventCountry "USA"]

1. f4 d5 2. Nf3 Nf6 3. e3 g6 4. b3 Bg7 5. Bb2 O-O 6. Be2 b6 7. O-O Bb7 8. Ne5
c5 9. Bf3 Nc6 10. d3 e6 11. Nd2 Rc8 12. a4 Nd7 13. Nxd7 Qxd7 14. Bxg7 Kxg7 15.
e4 Nb4 16. e5 Ba6 17. Nb1 Rfd8 18. Na3 c4 19. Qd2 Qe7 20. Nb5 Bxb5 21. axb5
cxb3 22. cxb3 Rc2 23. Qe3 Rc3 24. Qe1 Rdc8 25. Qg3 Rxd3 26. h4 Rxb3 27. h5 Nc2
28. Rxa7 Qxa7 29. Qg5 Qc7 30. Qf6+ Kg8 31. h6 Qc5+ 32. Kh1 Qf8 33. Bxd5 exd5
34. e6 Ne3 35. Rf3 Rc1+ 36. Kh2 Ng4+ {#R} 0-1

[Event "BCC #8"]
[Site "Boise, ID"]
[Date "2015.07.25"]
[Round "2.2"]
[White "Inman, James"]
[Black "Kircher, Caleb Paul"]
[Result "0-1"]
[WhiteElo "1799"]
[BlackElo "1863"]
[EventRounds "4"]
[EventCountry "USA"]

1. d4 g6 2. c4 Bg7 3. Nc3 c5 4. e3 d6 5. Nge2 Nf6 6. dxc5 dxc5 7. Qxd8+ Kxd8
8. g3 Nc6 9. a3 Bf5 10. Bg2 Bd3 11. Bxc6 bxc6 12. b3 Ne4 13. Bb2 Bxe2 14. Kxe2
Bxc3 15. Bxc3 Nxc3+ 16. Kd3 Nd5 17. cxd5 cxd5 18. Rac1 Rc8 19. Rc3 Kd7 20.
Rhc1 Kd6 21. f4 f6 22. e4 e6 23. e5+ fxe5 24. fxe5+ Kxe5 25. Rxc5 Rxc5 26.
Rxc5 Rb8 27. b4 Rb7 28. b5 Rb6 29. a4 a6 30. Kc3 Kd6 31. Kb4 a5+ {#R} 0-1

[Event "BCC #8"]
[Site "Boise, ID"]
[Date "2015.07.25"]
[Round "3.1"]
[White "Kircher, Caleb Paul"]
[Black "Glenn, John Dennis"]
[Result "1/2-1/2"]
[WhiteElo "1863"]
[BlackElo "1906"]
[EventRounds "4"]
[EventCountry "USA"]

1. f4 Nf6 2. Nf3 d5 3. e3 Bg4 4. b3 Nbd7 5. Bb2 e6 6. Be2 Bxf3 7. Bxf3 Bd6 8.
O-O e5 9. fxe5 Nxe5 10. Nc3 c6 11. d4 Nxf3+ 12. Qxf3 O-O 13. e4 dxe4 14. Nxe4
Nxe4 15. Qxe4 Qc7 16. Qh4 Rae8 17. Rae1 Qa5 18. a4 Bb4 19. Re5 Rxe5 20. dxe5
Bc3 21. Ba3 Qb6+ 22. Kh1 c5 23. Qe7 Bb4 24. Bb2 c4 25. Qd7 c3 26. Bc1 a5 27.
Bg5 Qg6 28. Be7 Bxe7 29. Qxe7 Qxc2 30. e6 f6 31. Qxb7 Qe2 32. Qf3 Qxe6 33.
Qxc3 Qd5 34. Rc1 Rb8 35. Qh3 Rd8 {#d} 1/2-1/2